000 00208nam a22000857a 4500
008 170124b xxu||||| |||| 00| 0 eng d
100 _92558
_aMurty.S
245 _aWise and otherwise
260 _aindia
_bpenguin
_c2016
999 _c5656
_d5656